|
|
|
|
| LEADER |
00000nam1a2200000 4500 |
| 001 |
102926 |
| 005 |
20231031113148.0 |
| 035 |
|
|
|a (RuTPU)RU\TPU\book\110972
|
| 090 |
|
|
|a 102926
|
| 100 |
|
|
|a 20061010d1972 k y0rusy50 ca
|
| 101 |
0 |
|
|a rus
|
| 102 |
|
|
|a BY
|
| 200 |
1 |
|
|a Тепло - и массоперенос
|e доклады IV Всесоюзного совещания, Минск
|f Академия наук Белорусской ССР (АН БССР), Институт тепло- и массообмена им. А. В. Лыкова (ИТМО)
|
| 210 |
|
|
|a Минск
|c [Б. и.]
|d 1972-1973
|
| 712 |
0 |
2 |
|a Академия наук Белорусской ССР (АН БССР)
|b Институт тепло- и массообмена им. А. В. Лыкова (ИТМО)
|c (Минск)
|2 stltpush
|3 (RuTPU)RU\TPU\col\11896
|
| 712 |
1 |
2 |
|a Тепло - и массоперенос
|c совещание
|d 4
|e Минск
|f 1972
|
| 801 |
|
1 |
|a RU
|b 63413507
|c 20061010
|g PSBO
|
| 801 |
|
2 |
|a RU
|b 63413507
|c 20210126
|g RCR
|
| 942 |
|
|
|c BK
|